[Event "Women's Baku Chess Olympiad"]
[Site "chess24.com"]
[Date "2016.09.10"]
[Round "8"]
[White "Angolikin, Goretti"]
[Black "Wambugu, Jane Wanjiru"]
[Result "1/2-1/2"]
[Board "2"]
[WhiteID "10000429"]
[WhiteElo "1613"]
[WhiteTitle "WFM"]
[WhiteCountry "UGA"]
[WhiteFideId "10000429"]
[WhiteEloChange "-2"]
[BlackID "10800310"]
[BlackElo "1542"]
[BlackTitle "WCM"]
[BlackCountry "KEN"]
[BlackFideId "10800310"]
[BlackEloChange "2"]

1. e4 {[%clk 1:30:55]} c6 {[%clk 1:30:49]} 2. d4 {[%clk 1:31:06]} d5 {[%clk
1:31:13]} 3. e5 {[%clk 1:31:00]} Bf5 {[%clk 1:30:32]} 4. Nf3 {[%clk 1:30:55]} h6
{[%clk 1:29:45]} 5. Bd3 {[%clk 1:30:48]} Bxd3 {[%clk 1:28:49]} 6. Qxd3 {[%clk
1:31:08]} e6 {[%clk 1:29:17]} 7. a3 {[%clk 1:31:02]} Ne7 {[%clk 1:25:35]} 8. O-O
{[%clk 1:26:30]} Qc7 {[%clk 1:24:32]} 9. c3 {[%clk 1:25:57]} Nd7 {[%clk 1:24:48]}
10. b4 {[%clk 1:21:32]} Ng6 {[%clk 1:22:17]} 11. h3 {[%clk 1:16:11]} b6 {[%clk
1:22:38]} 12. Be3 {[%clk 1:12:13]} Be7 {[%clk 1:16:25]} 13. Nh2 {[%clk 1:10:53]}
O-O {[%clk 0:58:19]} 14. f4 {[%clk 1:04:10]} Nh4 {[%clk 0:55:43]} 15. Nd2 {[%clk
0:58:12]} f5 {[%clk 0:48:01]} 16. Nhf3 {[%clk 0:46:04]} c5 {[%clk 0:39:16]} 17.
Nxh4 {[%clk 0:43:52]} Bxh4 {[%clk 0:39:36]} 18. Qe2 {[%clk 0:39:25]} cxd4 {[%clk
0:34:19]} 19. Bxd4 {[%clk 0:38:12]} Rae8 {[%clk 0:31:33]} 20. Qh5 {[%clk
0:34:25]} Bd8 {[%clk 0:30:54]} 21. Rf3 {[%clk 0:33:51]} Nb8 {[%clk 0:30:33]} 22.
Rg3 {[%clk 0:33:19]} Kh8 {[%clk 0:30:37]} 23. Rf1 {[%clk 0:30:34]} Qf7 {[%clk
0:28:53]} 24. Qe2 {[%clk 0:28:15]} Nc6 {[%clk 0:22:59]} 25. Be3 {[%clk 0:24:47]}
Rg8 {[%clk 0:18:15]} 26. Qb5 {[%clk 0:22:09]} Nb8 {[%clk 0:18:08]} 27. Qe2 {[%clk
0:17:00]} Nc6 {[%clk 0:17:33]} 28. Qb5 {[%clk 0:16:56]} Nb8 {[%clk 0:17:46]} 29.
Qe2 {[%clk 0:10:52]} Nc6 {[%clk 0:14:50]} 30. Qb5 {[%clk 0:09:45]} Nb8 {[%clk
0:14:50]} 1/2-1/2

[Event "Women's Baku Chess Olympiad"]
[Site "chess24.com"]
[Date "2016.09.10"]
[Round "8"]
[White "Maina, Purity"]
[Black "Kabengano, Joyce"]
[Result "1/2-1/2"]
[Board "3"]
[WhiteID "10800514"]
[WhiteElo "1528"]
[WhiteTitle "WCM"]
[WhiteCountry "KEN"]
[WhiteFideId "10800514"]
[WhiteEloChange "1"]
[BlackID "10000836"]
[BlackElo "1559"]
[BlackCountry "UGA"]
[BlackFideId "10000836"]
[BlackEloChange "-1"]

1. e4 {[%clk 1:30:54]} c5 {[%clk 1:30:51]} 2. Nf3 {[%clk 1:31:04]} d6 {[%clk
1:31:08]} 3. d4 {[%clk 1:30:09]} cxd4 {[%clk 1:31:23]} 4. Qxd4 {[%clk 1:29:29]}
Nc6 {[%clk 1:30:42]} 5. Qd1 {[%clk 1:28:58]} Nf6 {[%clk 1:30:46]} 6. Nc3 {[%clk
1:29:06]} a6 {[%clk 1:30:27]} 7. Bc4 {[%clk 1:27:53]} e6 {[%clk 1:30:37]} 8. Be3
{[%clk 1:27:20]} Be7 {[%clk 1:30:10]} 9. O-O {[%clk 1:26:23]} O-O {[%clk
1:29:26]} 10. Bb3 {[%clk 1:20:57]} Qc7 {[%clk 1:24:41]} 11. a3 {[%clk 1:17:42]}
Bd7 {[%clk 1:15:38]} 12. Re1 {[%clk 1:09:12]} Na5 {[%clk 1:10:06]} 13. Ba2 {[%clk
1:07:11]} b5 {[%clk 1:09:19]} 14. Qe2 {[%clk 1:03:34]} Rac8 {[%clk 1:09:03]} 15.
Rac1 {[%clk 1:01:13]} Nc4 {[%clk 1:03:07]} 16. Bxc4 {[%clk 0:58:08]} Qxc4 {[%clk
1:03:01]} 17. Bg5 {[%clk 0:56:25]} h6 {[%clk 0:57:22]} 18. Bh4 {[%clk 0:54:22]}
Rfe8 {[%clk 0:55:00]} 19. Bg3 {[%clk 0:47:45]} b4 {[%clk 0:44:43]} 20. axb4
{[%clk 0:42:07]} Qxb4 {[%clk 0:43:32]} 21. Rb1 {[%clk 0:36:48]} Bb5 {[%clk
0:34:58]} 22. Qd1 {[%clk 0:32:45]} Red8 {[%clk 0:29:16]} 23. Nd4 {[%clk 0:28:29]}
Rc4 {[%clk 0:22:10]} 24. Na2 {[%clk 0:24:39]} Qc5 {[%clk 0:19:58]} 25. c3 {[%clk
0:22:30]} Qb6 {[%clk 0:18:08]} 26. b3 {[%clk 0:16:42]} Rcc8 {[%clk 0:18:13]} 27.
c4 {[%clk 0:14:00]} Bc6 {[%clk 0:17:08]} 28. Nc3 {[%clk 0:11:13]} Qb7 {[%clk
0:13:37]} 29. Nxc6 {[%clk 0:08:56]} Qxc6 {[%clk 0:10:56]} 30. Qf3 {[%clk
0:08:25]} Nh7 {[%clk 0:09:17]} 31. Qe2 {[%clk 0:06:34]} Bf8 {[%clk 0:07:03]} 32.
Qc2 {[%clk 0:05:35]} d5 {[%clk 0:06:44]} 33. exd5 {[%clk 0:01:33]} exd5 {[%clk
0:06:56]} 34. Qa2 {[%clk 0:01:14]} dxc4 {[%clk 0:07:01]} 35. bxc4 {[%clk
0:01:25]} Qxc4 {[%clk 0:07:09]} 36. Qxc4 {[%clk 0:01:00]} Rxc4 {[%clk 0:07:24]}
37. Rbc1 {[%clk 0:01:04]} Rdc8 {[%clk 0:06:20]} 38. Na2 {[%clk 0:00:57]} Rxc1
{[%clk 0:05:50]} 39. Nxc1 {[%clk 0:01:08]} a5 {[%clk 0:05:56]} 40. Nb3 {[%clk
0:30:48]} a4 {[%clk 0:36:09]} 41. Nd4 {[%clk 0:30:54]} a3 {[%clk 0:35:52]} 42.
Nb3 {[%clk 0:30:36]} Rc3 {[%clk 0:27:41]} 43. Na1 {[%clk 0:27:11]} f6 {[%clk
0:26:57]} 44. f3 {[%clk 0:27:15]} Bc5+ {[%clk 0:26:46]} 45. Kf1 {[%clk 0:26:08]}
Kf7 {[%clk 0:23:42]} 46. Bf4 {[%clk 0:24:10]} Rd3 {[%clk 0:19:27]} 47. Ke2 {[%clk
0:22:24]} Rd7 {[%clk 0:18:48]} 48. Rc1 {[%clk 0:18:18]} Bd4 {[%clk 0:17:37]} 49.
Nc2 {[%clk 0:13:54]} Bb2 {[%clk 0:17:25]} 50. Rb1 {[%clk 0:12:43]} Ng5 {[%clk
0:13:56]} 51. Bd2 {[%clk 0:12:13]} Rc7 {[%clk 0:13:26]} 52. Kd3 {[%clk 0:10:30]}
a2 {[%clk 0:12:48]} 53. Rxb2 {[%clk 0:06:46]} Rxc2 {[%clk 0:12:57]} 54. Rb7+
{[%clk 0:05:31]} Kg6 {[%clk 0:12:08]} 55. Ra7 {[%clk 0:04:55]} Rb2 {[%clk
0:12:07]} 56. Kc3 {[%clk 0:04:31]} Rb1 {[%clk 0:12:14]} 57. Rxa2 {[%clk 0:04:46]}
Rh1 {[%clk 0:12:24]} 58. Bf4 {[%clk 0:04:58]} Ne6 {[%clk 0:12:11]} 59. Bd6 {[%clk
0:04:57]} Kg5 {[%clk 0:10:41]} 60. Ra5+ {[%clk 0:04:59]} f5 {[%clk 0:09:24]} 61.
Be7+ {[%clk 0:04:52]} Kg6 {[%clk 0:08:36]} 62. h3 {[%clk 0:04:36]} Nf4 {[%clk
0:07:04]} 63. g4 {[%clk 0:03:56]} Rxh3 {[%clk 0:06:05]} 64. gxf5+ {[%clk
0:03:13]} Kf7 {[%clk 0:06:19]} 65. Ra7 {[%clk 0:03:10]} Nd5+ {[%clk 0:06:33]} 66.
Kd4 {[%clk 0:02:38]} Nxe7 {[%clk 0:06:44]} 67. Ke4 {[%clk 0:02:24]} Rh5 {[%clk
0:06:16]} 68. Ra5 {[%clk 0:01:41]} Kf6 {[%clk 0:05:28]} 69. Ra6+ {[%clk 0:01:07]}
Kg5 {[%clk 0:05:15]} 70. f4+ {[%clk 0:01:23]} Kh4 {[%clk 0:04:46]} 71. f6 {[%clk
0:01:17]} gxf6 {[%clk 0:04:44]} 72. Rxf6 {[%clk 0:01:39]} Kg4 {[%clk 0:04:53]}
73. Rf7 {[%clk 0:01:48]} Nc6 {[%clk 0:04:33]} 74. f5 {[%clk 0:01:27]} Rg5 {[%clk
0:03:39]} 75. Rf6 {[%clk 0:01:20]} Ne7 {[%clk 0:03:20]} 76. Rxh6 {[%clk 0:01:25]}
1/2-1/2

[Event "Women's Baku Chess Olympiad"]
[Site "chess24.com"]
[Date "2016.09.10"]
[Round "8"]
[White "Mena, Ailen Oriana"]
[Black "Caxita, Esperanca"]
[Result "1-0"]
[Board "1"]
[WhiteID "3902773"]
[WhiteElo "1715"]
[WhiteTitle "WFM"]
[WhiteCountry "AHO"]
[WhiteFideId "3902773"]
[WhiteEloChange "14"]
[BlackID "10100903"]
[BlackElo "1871"]
[BlackTitle "WIM"]
[BlackCountry "ANG"]
[BlackFideId "10100903"]
[BlackEloChange "-14"]

1. e4 {[%clk 1:30:55]} e5 {[%clk 1:30:53]} 2. Nf3 {[%clk 1:31:07]} d6 {[%clk
1:31:17]} 3. d4 {[%clk 1:30:38]} exd4 {[%clk 1:31:38]} 4. Nxd4 {[%clk 1:30:39]}
Nf6 {[%clk 1:32:00]} 5. Nc3 {[%clk 1:29:15]} Be7 {[%clk 1:32:21]} 6. g3 {[%clk
1:25:31]} O-O {[%clk 1:32:09]} 7. Bg2 {[%clk 1:25:09]} Nbd7 {[%clk 1:32:19]} 8.
Bf4 {[%clk 1:20:07]} Re8 {[%clk 1:31:17]} 9. O-O {[%clk 1:19:18]} a6 {[%clk
1:30:07]} 10. a4 {[%clk 1:17:05]} Nc5 {[%clk 1:29:32]} 11. Re1 {[%clk 1:15:28]}
Bg4 {[%clk 1:22:07]} 12. f3 {[%clk 1:12:30]} Bd7 {[%clk 1:22:16]} 13. Qd2 {[%clk
1:11:02]} c6 {[%clk 1:19:36]} 14. Rad1 {[%clk 0:59:19]} Qb6 {[%clk 1:17:52]} 15.
b3 {[%clk 0:58:34]} Rad8 {[%clk 1:17:37]} 16. Kh1 {[%clk 0:57:10]} Ne6 {[%clk
1:17:11]} 17. Be3 {[%clk 0:56:34]} Qa5 {[%clk 1:16:38]} 18. Nf5 {[%clk 0:50:27]}
Bf8 {[%clk 1:14:00]} 19. Nd5 {[%clk 0:46:00]} Qxd2 {[%clk 1:12:33]} 20. Nxf6+
{[%clk 0:46:20]} gxf6 {[%clk 1:12:38]} 21. Rxd2 {[%clk 0:46:21]} d5 {[%clk
1:08:19]} 22. Red1 {[%clk 0:38:10]} Bb4 {[%clk 1:04:48]} 23. c3 {[%clk 0:22:25]}
Bxc3 {[%clk 1:02:36]} 24. Rd3 {[%clk 0:22:46]} Bb4 {[%clk 1:02:29]} 25. exd5
{[%clk 0:20:48]} cxd5 {[%clk 1:01:03]} 26. Rxd5 {[%clk 0:20:17]} Bc8 {[%clk
0:59:00]} 27. Bb6 {[%clk 0:13:08]} Rxd5 {[%clk 0:58:55]} 28. Rxd5 {[%clk
0:13:30]} Ng5 {[%clk 0:57:29]} 29. h4 {[%clk 0:13:08]} Re1+ {[%clk 0:50:49]} 30.
Kh2 {[%clk 0:13:29]} Ne6 {[%clk 0:51:13]} 31. Bd8 {[%clk 0:10:34]} Rb1 {[%clk
0:48:25]} 32. Bxf6 {[%clk 0:09:43]} Rxb3 {[%clk 0:47:10]} 33. Nd4 {[%clk
0:09:22]} Rd3 {[%clk 0:41:58]} 34. f4 {[%clk 0:09:28]} Nf8 {[%clk 0:41:19]} 35.
Rg5+ {[%clk 0:09:10]} Ng6 {[%clk 0:39:41]} 36. h5 {[%clk 0:05:39]} Bc3 {[%clk
0:35:41]} 37. hxg6 {[%clk 0:05:29]} Bxd4 {[%clk 0:35:20]} 38. gxh7+ {[%clk
0:05:51]} Kxh7 {[%clk 0:35:37]} 39. Be4+ {[%clk 0:05:40]} Kh6 {[%clk 0:35:48]}
40. Bxd3 {[%clk 0:34:40]} Bxf6 {[%clk 1:06:04]} 41. Rc5 {[%clk 0:33:54]} Be6
{[%clk 1:00:36]} 42. Rc7 {[%clk 0:32:49]} a5 {[%clk 0:58:54]} 43. Rxb7 {[%clk
0:32:46]} Bc3 {[%clk 0:58:37]} 44. Rc7 {[%clk 0:28:58]} Bd2 {[%clk 0:56:59]} 45.
Bc4 {[%clk 0:28:53]} Kg6 {[%clk 0:57:20]} 46. Bxe6 {[%clk 0:28:16]} fxe6 {[%clk
0:57:47]} 47. Rc6 {[%clk 0:28:28]} Kf6 {[%clk 0:58:02]} 48. Kg2 {[%clk 0:28:39]}
Ke7 {[%clk 0:57:45]} 49. Kf3 {[%clk 0:27:56]} Kd7 {[%clk 0:58:04]} 50. Ra6 {[%clk
0:28:15]} Bc3 {[%clk 0:58:11]} 51. Ke4 {[%clk 0:28:35]} 1-0

[Event "Women's Baku Chess Olympiad"]
[Site "chess24.com"]
[Date "2016.09.10"]
[Round "8"]
[White "Tavares, Domingas"]
[Black "Salim-Moussa, Seydi"]
[Result "0-1"]
[Board "4"]
[WhiteID "10100857"]
[WhiteElo "1563"]
[WhiteCountry "ANG"]
[WhiteFideId "10100857"]
[WhiteEloChange "-7"]
[BlackID "7500440"]
[BlackElo "1668"]
[BlackTitle "WCM"]
[BlackCountry "AHO"]
[BlackFideId "7500440"]
[BlackEloChange "7"]

1. e4 {[%clk 1:30:59]} e5 {[%clk 1:30:49]} 2. Nf3 {[%clk 1:31:24]} Nc6 {[%clk
1:30:17]} 3. Bc4 {[%clk 1:31:40]} Nf6 {[%clk 1:29:54]} 4. d3 {[%clk 1:31:27]} Bc5
{[%clk 1:29:54]} 5. Nc3 {[%clk 1:31:44]} h6 {[%clk 1:25:20]} 6. h3 {[%clk
1:31:51]} O-O {[%clk 1:25:41]} 7. O-O {[%clk 1:32:16]} Re8 {[%clk 1:22:21]} 8.
Be3 {[%clk 1:32:12]} Nd4 {[%clk 1:20:09]} 9. Bxd4 {[%clk 1:29:30]} Bxd4 {[%clk
1:14:26]} 10. Nxd4 {[%clk 1:27:13]} exd4 {[%clk 1:14:49]} 11. Nb5 {[%clk
1:18:13]} d5 {[%clk 0:50:09]} 12. exd5 {[%clk 1:17:31]} a6 {[%clk 0:42:29]} 13.
Nxd4 {[%clk 1:10:01]} Nxd5 {[%clk 0:40:32]} 14. Bxd5 {[%clk 1:09:57]} Qxd5 {[%clk
0:40:56]} 15. Nf3 {[%clk 1:09:56]} b5 {[%clk 0:40:06]} 16. Qd2 {[%clk 0:55:08]}
Bxh3 {[%clk 0:38:28]} 17. Qf4 {[%clk 0:48:30]} g5 {[%clk 0:28:49]} 18. Qh2 {[%clk
0:38:20]} g4 {[%clk 0:23:28]} 19. Ne1 {[%clk 0:16:40]} Kh7 {[%clk 0:13:54]} 20.
gxh3 {[%clk 0:15:22]} gxh3 {[%clk 0:13:59]} 21. Qxh3 {[%clk 0:15:19]} Rg8+ {[%clk
0:13:28]} 22. Kh2 {[%clk 0:13:43]} Qe5+ {[%clk 0:10:16]} 23. Kh1 {[%clk 0:12:25]}
Rg5 {[%clk 0:09:53]} 24. f4 {[%clk 0:04:51]} Qd5+ {[%clk 0:09:13]} 25. Qf3 {[%clk
0:05:11]} Rh5+ {[%clk 0:07:35]} 26. Kg2 {[%clk 0:04:23]} Rg8+ {[%clk 0:07:58]}
27. Kf2 {[%clk 0:04:36]} Rh2+ {[%clk 0:06:47]} 28. Ng2 {[%clk 0:04:19]} Rgxg2+
{[%clk 0:06:16]} 29. Ke1 {[%clk 0:04:24]} Qxf3 {[%clk 0:02:40]} 30. Rxf3 {[%clk
0:04:44]} Rg1+ {[%clk 0:03:01]} 0-1

[Event "Women's Baku Chess Olympiad"]
[Site "chess24.com"]
[Date "2016.09.10"]
[Round "8"]
[White "Munoz, Alba"]
[Black "Albzoor, Anwar"]
[Result "0-1"]
[Board "2"]
[WhiteID "6600514"]
[WhiteElo "1704"]
[WhiteTitle "WCM"]
[WhiteCountry "PAN"]
[WhiteFideId "6600514"]
[WhiteEloChange "-14"]
[BlackID "11500522"]
[BlackElo "1570"]
[BlackTitle "WFM"]
[BlackCountry "PLE"]
[BlackFideId "11500522"]
[BlackEloChange "14"]

1. e4 {[%clk 1:30:57]} e6 {[%clk 1:30:50]} 2. d4 {[%clk 1:31:18]} d5 {[%clk
1:31:06]} 3. exd5 {[%clk 1:31:28]} exd5 {[%clk 1:31:25]} 4. Bd3 {[%clk 1:31:32]}
Bd6 {[%clk 1:31:29]} 5. Nc3 {[%clk 1:31:11]} c6 {[%clk 1:31:28]} 6. Nge2 {[%clk
1:28:57]} Ne7 {[%clk 1:31:08]} 7. Bf4 {[%clk 1:27:36]} Bf5 {[%clk 1:29:58]} 8.
O-O {[%clk 1:24:26]} Bxd3 {[%clk 1:24:36]} 9. Qxd3 {[%clk 1:24:32]} Ng6 {[%clk
1:22:36]} 10. Bxd6 {[%clk 1:19:26]} Qxd6 {[%clk 1:22:44]} 11. Ng3 {[%clk
1:19:17]} O-O {[%clk 1:21:29]} 12. Nf5 {[%clk 1:13:27]} Qf6 {[%clk 1:13:47]} 13.
Ne2 {[%clk 1:06:51]} Nd7 {[%clk 0:57:56]} 14. c3 {[%clk 1:03:45]} Qd8 {[%clk
0:46:04]} 15. Neg3 {[%clk 1:01:15]} Nf6 {[%clk 0:45:17]} 16. Rfe1 {[%clk
0:56:22]} Re8 {[%clk 0:43:56]} 17. Rad1 {[%clk 0:47:08]} Qd7 {[%clk 0:36:15]} 18.
Qf3 {[%clk 0:41:48]} Re6 {[%clk 0:33:33]} 19. h4 {[%clk 0:41:17]} Ne7 {[%clk
0:23:23]} 20. Re5 {[%clk 0:38:10]} Nxf5 {[%clk 0:20:28]} 21. Nxf5 {[%clk
0:34:50]} Rae8 {[%clk 0:14:22]} 22. Rde1 {[%clk 0:31:27]} Ne4 {[%clk 0:10:46]}
23. Qg4 {[%clk 0:27:58]} g6 {[%clk 0:08:02]} 24. f3 {[%clk 0:20:37]} Nf6 {[%clk
0:05:06]} 25. Qg5 {[%clk 0:17:04]} Nh5 {[%clk 0:03:48]} 26. Rxe6 {[%clk 0:15:21]}
Rxe6 {[%clk 0:03:16]} 27. Rxe6 {[%clk 0:15:31]} fxe6 {[%clk 0:03:23]} 28. g4
{[%clk 0:14:17]} exf5 {[%clk 0:02:20]} 29. gxh5 {[%clk 0:14:42]} Qe8 {[%clk
0:01:02]} 30. hxg6 {[%clk 0:14:48]} Qxg6 {[%clk 0:01:13]} 31. Kf2 {[%clk
0:15:05]} Qxg5 {[%clk 0:01:13]} 32. hxg5 {[%clk 0:15:21]} Kg7 {[%clk 0:00:35]}
33. Kg3 {[%clk 0:15:29]} h5 {[%clk 0:00:36]} 34. gxh6+ {[%clk 0:15:29]} Kxh6
{[%clk 0:01:00]} 35. Kf4 {[%clk 0:13:59]} Kg6 {[%clk 0:01:23]} 36. Ke5 {[%clk
0:13:33]} Kg5 {[%clk 0:01:43]} 37. f4+ {[%clk 0:13:02]} Kg4 {[%clk 0:01:58]} 38.
a4 {[%clk 0:10:59]} a5 {[%clk 0:01:48]} 39. b3 {[%clk 0:08:37]} b5 {[%clk
0:00:45]} 40. axb5 {[%clk 0:37:39]} cxb5 {[%clk 0:31:03]} 41. Kxd5 {[%clk
0:35:00]} Kxf4 {[%clk 0:27:35]} 42. Kc5 {[%clk 0:34:26]} a4 {[%clk 0:24:18]} 43.
d5 {[%clk 0:28:12]} a3 {[%clk 0:22:32]} 44. d6 {[%clk 0:28:10]} a2 {[%clk
0:22:55]} 45. d7 {[%clk 0:27:26]} a1Q {[%clk 0:22:14]} 46. d8Q {[%clk 0:27:56]}
Qxc3+ {[%clk 0:22:37]} 47. Kxb5 {[%clk 0:28:18]} Qxb3+ {[%clk 0:22:55]} 48. Kc5
{[%clk 0:27:40]} Qe3+ {[%clk 0:22:01]} 49. Kc4 {[%clk 0:26:36]} Kf3 {[%clk
0:21:13]} 50. Qd7 {[%clk 0:23:10]} Qe4+ {[%clk 0:19:08]} 51. Kc3 {[%clk 0:22:51]}
Qe1+ {[%clk 0:15:31]} 52. Kc4 {[%clk 0:22:40]} f4 {[%clk 0:14:06]} 53. Qh3+
{[%clk 0:22:23]} Qg3 {[%clk 0:14:09]} 54. Qh5+ {[%clk 0:20:07]} Kf2 {[%clk
0:13:05]} 55. Qf5 {[%clk 0:11:47]} f3 {[%clk 0:12:04]} 56. Qc2+ {[%clk 0:10:49]}
Kg1 {[%clk 0:12:01]} 57. Qd1+ {[%clk 0:10:30]} Kh2 {[%clk 0:10:26]} 58. Qd2+
{[%clk 0:03:40]} f2 {[%clk 0:08:32]} 59. Qh6+ {[%clk 0:03:55]} Kg1 {[%clk
0:08:42]} 60. Qb6 {[%clk 0:03:56]} Kg2 {[%clk 0:06:01]} 61. Qc6+ {[%clk 0:03:46]}
Qf3 {[%clk 0:06:21]} 62. Qg6+ {[%clk 0:03:20]} Kf1 {[%clk 0:06:29]} 63. Qb1+
{[%clk 0:02:45]} Ke2 {[%clk 0:05:04]} 64. Qc2+ {[%clk 0:02:49]} Ke3 {[%clk
0:05:01]} 65. Qd3+ {[%clk 0:02:25]} Kf4 {[%clk 0:05:21]} 66. Qd6+ {[%clk
0:02:28]} Kg4 {[%clk 0:04:56]} 67. Qg6+ {[%clk 0:02:04]} Kh4 {[%clk 0:04:54]} 68.
Qh7+ {[%clk 0:01:39]} Kg3 {[%clk 0:04:47]} 0-1

[Event "Women's Baku Chess Olympiad"]
[Site "chess24.com"]
[Date "2016.09.10"]
[Round "8"]
[White "Faqeeh, Aseel"]
[Black "Barria Baker, Raisa Melissa"]
[Result "0-1"]
[Board "3"]
[WhiteID "11501880"]
[WhiteElo "1488"]
[WhiteCountry "PLE"]
[WhiteFideId "11501880"]
[WhiteEloChange "-2"]
[BlackID "6600336"]
[BlackElo "1961"]
[BlackTitle "WCM"]
[BlackCountry "PAN"]
[BlackFideId "6600336"]
[BlackEloChange "2"]

1. d4 {[%clk 1:30:54]} d5 {[%clk 1:30:29]} 2. c4 {[%clk 1:30:50]} c6 {[%clk
1:30:53]} 3. Nc3 {[%clk 1:31:02]} Nf6 {[%clk 1:31:13]} 4. Bg5 {[%clk 1:30:47]} e6
{[%clk 1:29:16]} 5. e3 {[%clk 1:29:48]} a6 {[%clk 1:29:38]} 6. Qc2 {[%clk
1:26:46]} Be7 {[%clk 1:29:26]} 7. Nf3 {[%clk 1:25:41]} h6 {[%clk 1:25:49]} 8.
Bxf6 {[%clk 1:25:49]} Bxf6 {[%clk 1:26:11]} 9. cxd5 {[%clk 1:25:49]} exd5 {[%clk
1:26:15]} 10. Bd3 {[%clk 1:22:48]} O-O {[%clk 1:24:01]} 11. h3 {[%clk 1:18:34]}
Re8 {[%clk 1:20:43]} 12. O-O-O {[%clk 1:16:42]} b5 {[%clk 1:18:48]} 13. g4 {[%clk
1:14:46]} Be6 {[%clk 1:16:44]} 14. Ne2 {[%clk 1:13:17]} Nd7 {[%clk 1:02:57]} 15.
Rdg1 {[%clk 1:08:20]} c5 {[%clk 1:00:44]} 16. Kb1 {[%clk 1:07:22]} Rc8 {[%clk
0:59:22]} 17. Qd2 {[%clk 1:05:18]} Nb6 {[%clk 0:55:59]} 18. h4 {[%clk 1:00:37]}
Be7 {[%clk 0:49:16]} 19. Nf4 {[%clk 0:55:38]} Nc4 {[%clk 0:43:55]} 20. Bxc4
{[%clk 0:51:56]} dxc4 {[%clk 0:42:44]} 21. g5 {[%clk 0:50:39]} Bf5+ {[%clk
0:41:23]} 22. Ka1 {[%clk 0:50:28]} hxg5 {[%clk 0:39:05]} 23. Nxg5 {[%clk
0:43:43]} cxd4 {[%clk 0:38:31]} 24. exd4 {[%clk 0:42:58]} Bf6 {[%clk 0:37:10]}
25. Nf3 {[%clk 0:41:11]} Be4 {[%clk 0:33:59]} 26. Nh5 {[%clk 0:36:55]} Bxf3
{[%clk 0:31:24]} 27. Nxg7 {[%clk 0:35:03]} Bxg7 {[%clk 0:31:23]} 28. Rxg7+ {[%clk
0:34:59]} Kxg7 {[%clk 0:31:11]} 29. Rg1+ {[%clk 0:35:11]} Kh7 {[%clk 0:30:38]}
30. a3 {[%clk 0:25:34]} Qf6 {[%clk 0:29:57]} 31. Rg3 {[%clk 0:17:39]} Re2 {[%clk
0:28:27]} 32. Qd1 {[%clk 0:17:39]} Rce8 {[%clk 0:25:04]} 33. Ka2 {[%clk 0:16:31]}
0-1

[Event "Women's Baku Chess Olympiad"]
[Site "chess24.com"]
[Date "2016.09.10"]
[Round "8"]
[White "Chung, Yaleika"]
[Black "Faqeeh, Yara"]
[Result "1/2-1/2"]
[Board "4"]
[WhiteID "6600603"]
[WhiteElo "1797"]
[WhiteTitle "WCM"]
[WhiteCountry "PAN"]
[WhiteFideId "6600603"]
[WhiteEloChange "-7"]
[BlackID "11501642"]
[BlackElo "1499"]
[BlackCountry "PLE"]
[BlackFideId "11501642"]
[BlackEloChange "7"]

1. d4 {[%clk 1:30:46]} Nf6 {[%clk 1:30:42]} 2. c4 {[%clk 1:31:07]} g6 {[%clk
1:31:00]} 3. Nc3 {[%clk 1:31:26]} Bg7 {[%clk 1:31:09]} 4. e4 {[%clk 1:31:46]} d6
{[%clk 1:30:54]} 5. f3 {[%clk 1:32:07]} Nbd7 {[%clk 1:30:21]} 6. Be3 {[%clk
1:32:04]} O-O {[%clk 1:30:19]} 7. Qd2 {[%clk 1:31:26]} Re8 {[%clk 1:30:24]} 8.
Nge2 {[%clk 1:30:22]} c5 {[%clk 1:24:26]} 9. d5 {[%clk 1:28:48]} Ne5 {[%clk
1:20:26]} 10. b3 {[%clk 1:28:32]} Qa5 {[%clk 1:14:08]} 11. Rc1 {[%clk 1:23:35]}
a6 {[%clk 1:10:01]} 12. Nf4 {[%clk 1:12:19]} Rb8 {[%clk 1:04:09]} 13. Nd3 {[%clk
1:09:56]} Nfd7 {[%clk 0:56:59]} 14. a4 {[%clk 1:04:08]} Nb6 {[%clk 0:45:25]} 15.
Nxe5 {[%clk 1:01:21]} Bxe5 {[%clk 0:45:07]} 16. f4 {[%clk 1:00:40]} Bg7 {[%clk
0:44:26]} 17. Be2 {[%clk 0:58:27]} Nd7 {[%clk 0:42:52]} 18. g4 {[%clk 0:57:11]}
Qb4 {[%clk 0:34:59]} 19. Qc2 {[%clk 0:56:17]} Nf6 {[%clk 0:33:21]} 20. Bd2 {[%clk
0:52:49]} Qb6 {[%clk 0:29:42]} 21. g5 {[%clk 0:46:13]} Nd7 {[%clk 0:27:58]} 22.
h4 {[%clk 0:41:27]} e6 {[%clk 0:23:52]} 23. h5 {[%clk 0:38:02]} Qd8 {[%clk
0:19:15]} 24. Qd3 {[%clk 0:34:31]} Qe7 {[%clk 0:15:48]} 25. Bf3 {[%clk 0:30:05]}
Nb6 {[%clk 0:13:40]} 26. Kd1 {[%clk 0:28:38]} exd5 {[%clk 0:11:32]} 27. Nxd5
{[%clk 0:27:55]} Nxd5 {[%clk 0:11:51]} 28. cxd5 {[%clk 0:27:20]} Bd7 {[%clk
0:10:32]} 29. Bc3 {[%clk 0:23:24]} f6 {[%clk 0:08:11]} 30. hxg6 {[%clk 0:19:12]}
hxg6 {[%clk 0:08:10]} 31. gxf6 {[%clk 0:06:28]} Bxf6 {[%clk 0:08:15]} 32. e5
{[%clk 0:05:01]} dxe5 {[%clk 0:05:46]} 33. Qxg6+ {[%clk 0:03:11]} Qg7 {[%clk
0:06:10]} 34. Qxg7+ {[%clk 0:03:09]} Kxg7 {[%clk 0:06:26]} 35. fxe5 {[%clk
0:03:20]} Bxe5 {[%clk 0:06:28]} 36. Rg1+ {[%clk 0:03:25]} Kf8 {[%clk 0:06:30]}
37. Bh5 {[%clk 0:02:36]} Re7 {[%clk 0:05:16]} 38. Rf1+ {[%clk 0:02:31]} Kg8
{[%clk 0:04:52]} 39. Rc2 {[%clk 0:01:10]} Bxc3 {[%clk 0:03:40]} 40. Rxc3 {[%clk
0:31:26]} Rf8 {[%clk 0:31:39]} 41. Rxf8+ {[%clk 0:26:19]} Kxf8 {[%clk 0:31:48]}
42. Rxc5 {[%clk 0:25:53]} Re5 {[%clk 0:25:51]} 43. Be2 {[%clk 0:25:15]} Ke7
{[%clk 0:23:23]} 44. Kd2 {[%clk 0:16:24]} Kd6 {[%clk 0:21:29]} 45. Rc3 {[%clk
0:16:35]} Rxd5+ {[%clk 0:19:04]} 46. Rd3 {[%clk 0:16:31]} Rxd3+ {[%clk 0:18:43]}
47. Bxd3 {[%clk 0:14:31]} Kc5 {[%clk 0:18:07]} 48. Kc3 {[%clk 0:13:36]} a5 {[%clk
0:16:34]} 49. Be4 {[%clk 0:12:59]} b5 {[%clk 0:15:19]} 50. axb5 {[%clk 0:11:16]}
Bxb5 {[%clk 0:15:37]} 51. Bc2 {[%clk 0:11:38]} Be2 {[%clk 0:15:17]} 52. Bg6
{[%clk 0:11:25]} Bb5 {[%clk 0:15:18]} 53. Bf7 {[%clk 0:09:36]} Bf1 {[%clk
0:13:19]} 54. Be8 {[%clk 0:09:31]} Bb5 {[%clk 0:12:40]} 55. Bf7 {[%clk 0:09:42]}
Bf1 {[%clk 0:12:47]} 56. Be8 {[%clk 0:09:03]} Bh3 {[%clk 0:11:40]} 57. Bg6 {[%clk
0:08:56]} Be6 {[%clk 0:11:51]} 58. Bc2 {[%clk 0:09:03]} Bd5 {[%clk 0:11:59]} 59.
Bd1 {[%clk 0:09:06]} Be6 {[%clk 0:12:07]} 60. Bc2 {[%clk 0:09:18]} Bg8 {[%clk
0:12:22]} 61. Bd1 {[%clk 0:09:21]} Bh7 {[%clk 0:12:23]} 62. Be2 {[%clk 0:08:51]}
Be4 {[%clk 0:12:25]} 1/2-1/2